000 00369nam a2200157Ia 4500
008 230917s9999||||xx |||||||||||||| ||und||
040 _e199985
_aMAIN
041 _aEnglish
082 _a346.0486 N164P(4)
100 _aNarayanam, P
245 0 _aPatent Law
250 _a4th ed.
260 _aKolkata
_bEastern Law House
_c2006
300 _a1021 p.
942 _cBK
999 _c160177
_d160177